L'opera completa di Picasso blu e rosa /

Saved in:
Bibliografiske detaljer
Andre forfattere: Picasso, Pablo (Artist), Moravia, Alberto (Author of introduction, etc.), Lecaldano, Paolo (Editor)
Format: Bog
Sprog:italiensk
Udgivet: Milano : Rizzoli, 1971
Udgivelse:3. ed
Serier:Classici dell'arte ; 22
Tags: Tilføj Tag
Ingen Tags, Vær først til at tagge denne postø!

MARC

LEADER 00000nam a22000007i 4500
001 IT\ICCU\RMS\2912143
003 ItRI
005 20250727171842.0
008 190710s1971 it |||||| ||||| |||||c
040 |b ita  |c ct 
041 7 |a ita  |2 ISO-639-2 
100 1 |a Picasso, Pablo  |0 IT\ICCU\CFIV\051221  |4 art 
245 1 2 |a L'opera completa di Picasso blu e rosa /  |c presentazione di Alberto Moravia ; apparati critici e filologici di Paolo Lecaldano. 
250 |a 3. ed 
260 |a Milano :  |b Rizzoli,  |c 1971 
300 |a 119 p. :  |b ill. ;  |c 32 cm. 
700 1 |a Moravia, Alberto  |0 IT\ICCU\CFIV\000648  |4 aui 
700 1 |a Lecaldano, Paolo  |0 IT\ICCU\CFIV\108516  |4 edt 
830 0 |a Classici dell'arte ;  |v 22  |0 IT\ICCU\CFI\0011908 
942 |2 ddc  |c BK 
952 |0 0  |1 0  |2 ddc  |4 0  |6 B_APT01LECPAPIC11  |7 0  |9 5030  |a MI  |b MI  |d 2010-08-23  |i 4840  |l 0  |o B-APT01-LECPA-PIC11  |p CDOM4840  |r 2025-07-07 11:14:38  |w 2025-07-07  |x ACQUISTO  |y BK 
981 1 |6 z01  |a i   |b xxxe  
982 1 |6 z01  |a n 
999 |c 3943  |d 3943